000 00776nas a2200265 4500
001 BR9208650
003 BR-BrBNA
005 20231205093134.0
007 ta
008 230509b bl.|||p| |||| 00| 00por d
040 _aBR-BrBNA
_bpor
_cBiblioteca Nacional de Agricultura
041 _a(Pt)
072 _aH20
100 1 _aLima Neto, V. da C.
100 1 _aLima, M.L.R.Z. da
100 1 _aSouza, V.B.V. de
100 1 _aGloor, S.
245 1 _aViroses de plantas ornamentais na regiao metropolitana de Curibita
650 _aROSA
650 _aMOSAICO
650 _aPARANÁ
773 0 _tRevista do Setor de Ciencias Agrarias (Brazil)
_xISSN 0100-607X
_g(1986), v. 8(1-2) p. 47-50
_wBR9208650
909 _a202311
_bLúcia
_c55
_dLúcia Elande
942 _2AGRIS
_n0
_cANA
999 _c136444
_d136444